Normal view MARC view
  • Mellalli Praveenkumar

Entry Personal Name

Number of records used in: 1

001 - CONTROL NUMBER

  • control field: 7531

003 - CONTROL NUMBER IDENTIFIER

  • control field: OSt

005 - DATE AND TIME OF LATEST TRANSACTION

  • control field: 20220125132837.0

008 - FIXED-LENGTH DATA ELEMENTS

  • fixed length control field: 220125|| aca||aabn | a|a d

040 ## - CATALOGING SOURCE

  • Original cataloging agency: OSt
  • Transcribing agency: OSt

100 ## - HEADING--PERSONAL NAME

  • Personal name: Mellalli Praveenkumar

670 ## - SOURCE DATA FOUND

  • Source citation: Work cat.: (OSt): Mellalli Praveenkumar, Constitution of India,Professional Ethics and Human Rights (Hindi Book), 2015

Powered by Koha